Модернизационные ориентации студентов как фактор интеграции образования, науки и экономики; Экономика России в XXI веке

Bibliographic Details
Parent link:Экономика России в XXI веке.— 2011.— С. 97-99
Main Author: Жернова Н. А.
Other Authors: Жернов Е. Е.
Language:Russian
Published: 2011
Series:Наука и образование как факторы национальной конкурентоспособности
Subjects:
Format: Book Chapter
KOHA link:https://koha.lib.tpu.ru/cgi-bin/koha/opac-detail.pl?biblionumber=236259

MARC

LEADER 00000naa2a2200000 4500
001 236259
005 20231031204625.0
035 |a (RuTPU)RU\TPU\book\257409 
035 |a RU\TPU\book\256860 
090 |a 236259 
100 |a 20130422d2011 k y0rusy50 ca 
101 0 |a rus 
102 |a RU 
200 1 |a Модернизационные ориентации студентов как фактор интеграции образования, науки и экономики  |f Н. А. Жернова, Е. Е. Жернов 
225 1 |a Наука и образование как факторы национальной конкурентоспособности 
463 0 |0 (RuTPU)RU\TPU\book\250468  |t Экономика России в XXI веке  |o сборник научных трудов VIII Всероссийской научно-практической конференции "Фундаментальные проблемы модернизации экономики России", г. Томск, 15-18 ноября 2011 г.  |f Национальный исследовательский Томский политехнический университет (ТПУ), Инженерно-экономический факультет ; под ред. Г. А. Барышевой, Л. М. Борисовой  |v С. 97-99  |d 2011  |p 420 с. 
610 1 |a модернизация 
610 1 |a ориентация 
610 1 |a студенты 
610 1 |a интеграция 
610 1 |a образование 
610 1 |a наука 
610 1 |a экономика 
700 1 |a Жернова  |b Н. А. 
701 1 |a Жернов  |b Е. Е. 
801 1 |a RU  |b 63413507  |c 20121214 
801 2 |a RU  |b 63413507  |c 20130422  |g RCR 
942 |c BK